00753nam a2200193Ia 4500003000900000008004100009040001600050080001500066110007400081245013300155260006800288300001000356650004100366650002500407650001400432942000700446999001500453952009100468IN-BaIIA211028s9999 xx 000 0 eng d cIIA Library a523.7bCEC aSwitzerland. Centre European De Calcul Atomique Et Moleculaire913585 0aReport of workshop on plasma physics applied to active phenomena on the suncCentre European De Calcul Atomique Et Moleculaire  aFrancebCentre European De Calcul Atomique Et Moleculairec1976 a222p. aAstronomy and astrophysics thesaurus aPlasma physics93732 aSun91200 cBK c8050d8050 00104070aBANbBANcGENd1985-01-16l0o523.7/ CECp8880r2021-11-05w1985-01-16yBK